| 000 | 00599nam a2200205 a 4500 | ||
|---|---|---|---|
| 001 | 21939 | ||
| 003 | CO-ViMGA | ||
| 008 | 141112s2004 ck r 000 u spa d | ||
| 020 | _a844780335X | ||
| 040 |
_aCO-ViMGA _bspa _cCO-ViMGA |
||
| 082 | 0 | 4 | _aPRAu |
| 100 | 1 |
_aPrats, Joan de Deu; Ferraciolli, Laura _931371 |
|
| 245 | 1 | 0 | _aUnas vacaciones en la nevera |
| 260 |
_aBarcelona : _bEl arca, _c1995 |
||
| 300 | _a53 | ||
| 490 | _aTren de madera; 14 | ||
| 590 | _aForma de adquisición : Compra - - Precio : 5500 - - Proveedor : Cerlac | ||
| 650 | 1 | 4 | _aCUENTOS INFANTILES CATALANES |
| 942 |
_2ddc _cBK |
||
| 999 |
_c30479 _d30479 |
||